Rovaniemi Airport Destinations (Rovaniemi, Finland) - Statistics

General Stats
  • This quiz has been taken 88 times
    28 since last reset
  • The average score is 35 of 44
Answer Stats
Airline Destination % Correct
easyJet/KLM Amsterdam
100%
easyJet/Jet2.com/Norwegian Air Shuttle/TUI Airways London (Gatwick)
100%
easyJet London (Luton)
100%
easyJet London (Southend)
100%
Ryanair London (Stansted)
100%
easyJet/Jet2.com/Ryanair/TUI Airways Manchester
100%
Ryanair Dublin
96%
Finnair/Norwegian Air Shuttle Helsinki
96%
Turkish Airlines Istanbul
96%
Iberia Madrid
96%
Austrian Airlines Vienna
96%
LOT Polish Airlines Warsaw (Chopin)
96%
Norwegian Air Shuttle/Vueling Barcelona
91%
easyJet/Eurowings Berlin
91%
Lufthansa Frankfurt
91%
easyJet/Neos Milan (Malpensa)
91%
Air France/easyJet Paris (Charles de Gaulle)
91%
Transavia Paris (Orly)
91%
Edelweiss Air Zürich
91%
Scandinavian Airlines Copenhagen
87%
easyJet Edinburgh
87%
Norwegian Air Shuttle Munich
87%
Eurowings Düsseldorf
83%
Luxair Luxembourg
83%
easyJet Lyon
83%
easyJet/Ryanair/TUI Airways Birmingham
78%
easyJet Geneva
78%
easyJet Naples
78%
easyJet Nice
78%
Neos Rome (Fiumicino)
78%
Eurowings Hamburg
74%
Israir Airlines Tel Aviv
74%
easyJet/Ryanair/TUI Airways Bristol
70%
TUI Airways Newcastle upon Tyne
70%
easyJet Belfast (International)
65%
SunExpress İzmir
61%
Ryanair Liverpool
61%
Eurowings Stuttgart
61%
Ryanair Beauvais
48%
easyJet Bordeaux
48%
Ryanair Bergamo
43%
Ryanair Charleroi
39%
Ryanair Shannon
26%
Finnair Tromsø
26%
No matching quizzes found
Score Distribution
Percent of People with Each Score
Percentile by Number Answered
Your Score History
You have not taken this quiz since the last reset